Greek Mythology 3 - Statistics

General Stats
  • This quiz has been taken 135 times
  • The average score is 6 of 10
Answer Stats
Hint Answer % Correct
The titan who holds the sky Atlas
95%
Lord of time and King of the Titans Kronos
90%
The sun Titan/God Helios
85%
Punished to roll a boulder up a hill for all eternity Sisyphus
73%
The goddess of discord and strife Eris
71%
The first son of Poseidon and Amphitrite (Merman) Triton
65%
God of dolphins Delphin
34%
Father of Achilles, Son of Zeus Peleus
28%
The son of Tantalus, killed by his father but reborn by the gods Pelops
14%
King of Troy when Heracles ransacked and destroyed the city Laomedon
9%
No matching quizzes found
Score Distribution
Percent of People with Each Score
Percentile by Number Answered
Your Score History
You have not taken this quiz